Music Quiz

Random Music or Artist Quiz

10 to 1: 80s Pop Songs Quiz Stats

 Plays Quiz Updated May 17, 2019

Score 0/55 Timer 10:00
2 Plays Today
% Correct
Billie Jean
98.8%
Beat It
98.7%
Bad
96.7%
Thriller
96.1%
Like a Virgin
94.3%
Man in the Mirror
93.4%
Purple Rain
92.4%
Material Girl
91.2%
Smooth Criminal
89.5%
Girls Just Want to Have Fun
89.1%
Like a Prayer
88.5%
Livin’ on a Prayer
88.3%
Papa Don’t Preach
86.7%
When Doves Cry
84.6%
You Give Love a Bad Name
84.3%
Little Red Corvette
83.1%
Hungry Like the Wolf
82.7%
Free Fallin’
82.6%
1999
82%
Time After Time
81.9%
The Way You Make Me Feel
81.8%
Raspberry Beret
80.8%
Summer of ‘69
80.8%
Dirty Diana
79.5%
Wanted Dead or Alive
79.5%
Come on Eileen
79.1%
True Colors
78.1%
Wanna Be Startin’ Something
76.3%
% Correct
Holiday
76.1%
Love is a Battlefield
75.9%
Hit Me with your Best Shot
75.7%
La Isla Bonita
75.1%
I Won’t Back Down
74.6%
The Girl is Mine
74%
Into the Groove
71.3%
Bad Medicine
69.5%
Borderline
69.3%
Girls on Film
69%
Let’s Go Crazy
68.2%
Rio
68.2%
Runnin’ Down a Dream
66.7%
I Would Die 4 U
61.3%
The Reflex
60.2%
Stop Draggin’ My Heart Around
59.9%
Refugee
57.1%
Open Your Heart
56.1%
She Bop
52.6%
U Got the Look
51.9%
Heaven
51.3%
Runaway
49.4%
I'll Be There for You
46.7%
The Waiting
45.9%
Shadows of the Night
40.9%
Save a Prayer
40.5%
Yer So Bad
33.8%

You're not logged in!

Compare scores with friends on all Sporcle quizzes.
OR
Log In

Sporcle TV

Today on Sporcle TV


Watch our educational content, quiz creation guides, and fun videos on Sporcle TV.

Show Comments

Extras

Top Quizzes Today


Score Distribution

Your Account Isn't Verified!

In order to create a playlist on Sporcle, you need to verify the email address you used during registration. Go to your Sporcle Settings to finish the process.

Report this User

Report this user for behavior that violates our Community Guidelines.

Details: